Dirigeants de l'UE - Statistiques

Statistiques générales
  • Ce quiz a été pris 27 fois
  • Le résultat moyen est 7 sur 53
Statistiques - réponses
Hint Réponse % Correct
France (président) Emmanuel Macron
96%
France (première ministre) Élisabeth Borne
68%
Hongrie (premier ministre) Viktor Orbán
56%
Espagne (roi) Felipe VI
52%
Belgique (roi) Philippe
48%
Allemagne (chancelier) Olaf Scholz
44%
Espagne (président du gouvernement) Pedro Sánchez
20%
Belgique (premier minsitre) Alexander De Croo
16%
Italie (président du conseil) Mario Draghi
16%
Pologne (président) Andrzej Duda
12%
Allemagne (président) Frank-Walter Steinmeier
12%
Danemark (reine) Margrethe II
12%
Irlande (président) Michael D. Higgins
12%
Finlande (première ministre) Sanna Marin
12%
Luxembourg (premier ministre) Xavier Bettel
12%
Estonie (président) Alar Karis
8%
Autriche (président) Alexander Van der Bellen
8%
Lituanie (président) Gitanas Nausėda
8%
Luxembourg (grand-duc) Henri Ier
8%
Lituanie (premier ministre) Ingrida Šimonytė
8%
Estonie (première ministre) Kaja Kallas
8%
Autriche (chancelier) Karl Nehammer
8%
Grèce (premier ministre) Kyriákos Mitsotákis
8%
Suède (premier ministre) Magdalena Andersson
8%
Irlande (premier ministre) Micheál Martin
8%
Bulgarie (président) Roumen Radev
8%
Finlande (président) Sauli Niinistö
8%
Italie (président) Sergio Mattarella
8%
Croatie (premier ministre) Andrej Plenković
4%
Portugal (premier ministre) António Costa
4%
Lettonie (premier ministre) Arturs Krišjānis Kariņš
4%
Suède (roi) Charles XVI Gustave
4%
Slovaquie (président du gouvernement) Eduard Heger
4%
Grèce (présidente) Ekateríni Sakellaropoúlou
4%
Hongrie (président) Katalin Novák
4%
Bulgarie (premier ministre) Kiril Petkov
4%
Roumanie (président) Klaus Iohannis
4%
Portugal (président) Marcelo Rebelo de Sousa
4%
Pays-Bas (premier ministre) Mark Rutte
4%
Pologne (président du conseil) Mateusz Morawiecki
4%
Danemark (première ministre) Mette Frederiksen
4%
Tchèquie (président) Miloš Zeman
4%
Roumanie (premier ministre) Nicolae Ciucă
4%
Tchèquie (président du gouvernement) Petr Fiala
4%
Malte (premier ministre) Robert Abela
4%
Slovénie (président du gouvernement) Robert Golob
4%
Pays-Bas (roi) Willem-Alexander
4%
Croatie (président) Zoran Milanović
4%
Slovaquie (président) Zuzana Čaputová
4%
Slovénie (président) Borut Pahor
0%
Malte (président) George Vella
0%
Chypre (président) Nikos Anastasiadis
0%
Lettonie (président) Raimonds Vējonis
0%
Aucun quiz correspondant
Distribution des résultats
% des personnes avec chaque résultat
Percentile par nombre de réponses
Votre historique - résultats
Vous n’avez pas pris ce quiz